| 000 | 00483nam a2200193Ia 4500 | ||
|---|---|---|---|
| 003 | LK-CoDNM | ||
| 005 | 20240920114150.0 | ||
| 008 | 010623t xxu||||| |||| 00| 1 eng d | ||
| 040 |
_aLK-CoDNM _dLK-CoDNM _eLK-CoDNM |
||
| 041 | _aeng | ||
| 080 |
_a14 _bI30 |
||
| 100 | _aBateman,R.Jones. | ||
| 245 | _aA Refuge from Civilisation and other Trifles | ||
| 260 |
_bEdward Arnold Co. _aLondon |
||
| 300 | _b191p. : ill , 18 cm | ||
| 650 | _aSchool | ||
| 650 | _aWanni | ||
| 942 | _cBK | ||
| 999 |
_c133483 _d133483 |
||